000
00343 a2200157 4500
001
46788
020
_a
8576350971
040
_c
Anchieta - Aquarius
100
_a
Leemans, Philippe
240
1
0
_a
A porta misteriosa
_l
por
245
1
0
_a
A porta misteriosa
300
_a
362
0
_a
0
650
4
_a
Literatura infanto-juvenil
942
_c
BK
999
_c
46788
_d
46788